Ausführliche und grundrichtige beschreibung des ganzen Rheinstroms (Record no. 7922)

MARC details
000 -CABECERA
campo de control de longitud fija 01164nam a2200301 a 4500
001 - NÚMERO DE CONTROL
campo de control BRCA_8254
005 - FECHA Y HORA DE LA ÚLTIMA TRANSACCIÓN
campo de control 20190320210210.0
008 - DATOS DE LONGITUD FIJA--INFORMACIÓN GENERAL
campo de control de longitud fija 290514s1689----gw-a###f##---#001-0#ger-#
041 ## - CÓDIGO DE LENGUA
Código de lengua del texto/banda sonora o título independiente ger
044 ## - CÓDIGO DEL PAÍS DE LA ENTIDAD EDITORA/PRODUCTORA
Código MARC del país gw
050 #4 - SIGNATURA TOPOGRÁFICA DE LA BIBLIOTECA DEL CONGRESO
Número de clasificación DD801
Número de documento/Ítem .R56
-- 1689
245 10 - MENCIÓN DE TÍTULO
Título Ausführliche und grundrichtige beschreibung des ganzen Rheinstroms
Resto del título kärlich enthalten wo wie und welcher gestalt selbiger
Mención de responsabilidad, etc. In verlegung Christoff Riegels ; drucks Andreas Knorzen.
260 ## - PUBLICACIÓN, DISTRIBUCIÓN, ETC.
Lugar de publicación, distribución, etc. Nurenberg, Alemania
Nombre del editor, distribuidor, etc. Andreas Knorzen
Fecha de publicación, distribución, etc. 1689
300 ## - DESCRIPCIÓN FÍSICA
Extensión 1018 p.
Otras características físicas il.
Dimensiones 14 cm
500 ## - NOTA GENERAL
Nota general Fondo antiguo
500 ## - NOTA GENERAL
Nota general Ejemplar se encuentra en caja fuerte
500 ## - NOTA GENERAL
Nota general T-3
500 ## - NOTA GENERAL
Nota general Con Ex-libris de: Franz Mayer
500 ## - NOTA GENERAL
Nota general Nota de encuadernación: en piel pergamino, con cantos rojos
500 ## - NOTA GENERAL
Nota general En la anteportada se localiza un grabado, la página está desprendida
500 ## - NOTA GENERAL
Nota general Incluye índice
506 0# - NOTA DE RESTRICCIONES AL ACCESO
Limitaciones de acceso Fondo reservado: para su consulta es necesario credencial de usuario y carta de motivos
651 #4 - PUNTO DE ACCESO ADICIONAL DE MATERIA--NOMBRE GEOGRÁFICO
Nombre geográfico Río Rhin
Subdivisión de forma Descripción
Subdivisión geográfica Alemania
9 (RLIN) 20604
700 1# - PUNTO DE ACCESO ADICIONAL--NOMBRE DE PERSONA
Nombre de persona Riegels, Christoff ed.
9 (RLIN) 20605
700 1# - PUNTO DE ACCESO ADICIONAL--NOMBRE DE PERSONA
Nombre de persona Knorzen, Andreas impr.
9 (RLIN) 20606
902 ## - CATALOGADOR
Iniciales LAR
942 ## - ELEMENTOS DE PUNTO DE ACCESO ADICIONAL (KOHA)
Fuente del sistema de clasificación o colocación Library of Congress Classification
Tipo de ítem Koha Libros
Holdings
Estado de retiro Estado de pérdida Estado dañado No para préstamo Localización permanente Ubicación/localización actual Fecha de adquisición Número de inventario Total de préstamos Signatura topográfica completa Código de barras Fecha visto por última vez Precio válido a partir de Tipo de ítem Koha
Activo (en colección)       Biblioteca del Museo Franz Mayer (Rogerio Casas-Alatriste) Biblioteca del Museo Franz Mayer (Rogerio Casas-Alatriste) 29/05/2014 T-3   DD801 .R56 1689 (T-3) LAR00014 22/03/2019 22/03/2019 Libros